Library Banner

Islami nazriya hayat = اسلامی نظریہ حیات : (Record no. 109778)

MARC details
000 -LEADER
fixed length control field 00639nam a22001697a 4500
005 - DATE AND TIME OF LATEST TRANSACTION
control field 20181224093001.0
008 - FIXED-LENGTH DATA ELEMENTS--GENERAL INFORMATION
fixed length control field 181224b ||||| |||| 00| 0 eng d
020 ## - INTERNATIONAL STANDARD BOOK NUMBER
International Standard Book Number 9789694481562
040 ## - CATALOGING SOURCE
Transcribing agency PK-LaUMT
082 ## - DEWEY DECIMAL CLASSIFICATION NUMBER
Classification number 297
Item number KHU-I
100 ## - MAIN ENTRY--PERSONAL NAME
Personal name Khursheed Ahmad = خورشید احمد
245 ## - TITLE STATEMENT
Title Islami nazriya hayat = اسلامی نظریہ حیات :
Remainder of title مزہب اور دور جدید، اسلامی فلسفہ حیات، اسلامی نظام حیات /
Statement of responsibility, etc Khursheed Ahmad = خورشید احمد
260 ## - PUBLICATION, DISTRIBUTION, ETC. (IMPRINT)
Place of publication, distribution, etc Islamabad :
Name of publisher, distributor, etc Institute of Policy Studies,
Date of publication, distribution, etc 2016
300 ## - PHYSICAL DESCRIPTION
Extent 3 vols.
650 ## - SUBJECT ADDED ENTRY--TOPICAL TERM
Topical term or geographic name as entry element Islami concepts
942 ## - ADDED ENTRY ELEMENTS (KOHA)
Koha item type Books
Holdings
Withdrawn status Lost status Damaged status Home library Current library Date acquired Full call number Barcode Date last seen Price effective from Koha item type Copy number
      UMT Main Campus UMT Main Campus 2018-12-24 297 KHU-I 127269 2020-09-17 2018-12-24 Books  
      UMT Main Campus UMT Main Campus 2018-12-24 297 KHU-I 127270 2020-09-17 2018-12-24 Books Vol.2
      UMT Main Campus UMT Main Campus 2018-12-24 297 KHU-I 127271 2020-01-04 2018-12-24 Books Vol.3